LEADER 02149oas 22006853 450 001 9910412143803321 005 20260127110457.0 011 $a2637-8051 035 $a(DE-599)ZDB3026919-2 035 $a(OCoLC)1046655225 035 $a(CONSER) 2018202411 035 $a(CKB)4100000011300713 035 $a(DE-599)3026919-2 035 $a(EXLCZ)994100000011300713 100 $a20180730a20209999 uy a 101 0 $aeng 135 $aur||||||||||| 181 $ctxt$2rdacontent 182 $cc$2rdamedia 183 $acr$2rdacarrier 200 00$aACM transactions on computing for healthcare 210 1$aNew York, NY :$cAssociation for Computing Machinery,$d[2020]- 215 $a1 online resource 311 08$a2691-1957 517 1 $aTransactions on computing for healthcare 517 1 $aACM health 517 1 $aAssociation for Computing Machinery transactions on computing for healthcare 531 0 $aACM trans. comput. healthc. 606 $aMedicine$xData processing$vPeriodicals 606 $aMedicine$xResearch$xData processing$vPeriodicals 606 $aMe?decine$xInformatique$vPe?riodiques 606 $aMe?decine$xRecherche$xInformatique$vPe?riodiques 606 $aMedicine$xData processing$2fast$3(OCoLC)fst01014924 606 $aMedicine$xResearch$xData processing$2fast$3(OCoLC)fst01015063 608 $aPeriodicals.$2fast 615 0$aMedicine$xData processing 615 0$aMedicine$xResearch$xData processing 615 6$aMe?decine$xInformatique 615 6$aMe?decine$xRecherche$xInformatique 615 7$aMedicine$xData processing. 615 7$aMedicine$xResearch$xData processing. 676 $a610.285 712 02$aAssociation for Computing Machinery. 801 0$bDLC 801 1$bDLC 801 2$bOCLCO 801 2$bOCLCA 801 2$bDLC 801 2$bCUS 801 2$bOCLCO 801 2$bOCLCF 801 2$bVT2 801 2$bOCLCO 801 2$bOCLCQ 801 2$bUEJ 801 2$bOCLCL 906 $aJOURNAL 912 $a9910412143803321 996 $aACM transactions on computing for healthcare$92186741 997 $aUNINA